Lead sheet - how to use it to best advantage (Record no. 64692)

MARC details
000 -LEADER
fixed length control field 00777cam a2200217 4500
001 - CONTROL NUMBER
control field ABS62831
008 - FIXED-LENGTH DATA ELEMENTS--GENERAL INFORMATION
fixed length control field 000000n2000 000 0 eng u
035 ## - SYSTEM CONTROL NUMBER
System control number (Sirsi) u108359
100 ## - MAIN ENTRY--PERSONAL NAME
Personal name Coote, F.
245 ## - TITLE STATEMENT
Title Lead sheet - how to use it to best advantage
260 ## - PUBLICATION, DISTRIBUTION, ETC.
Date of publication, distribution, etc. 2000
490 ## - SERIES STATEMENT
Series statement Church Building
Volume/sequential designation (64) July/August 2000, 10-11(2)
520 ## - SUMMARY, ETC.
Summary, etc. The author, a member of the Lead Sheet Association, outlines how to assess problems with lead sheet on church roofs. Uses a question and answer format to deal with the main problems that can occur.
590 ## - LOCAL NOTE (RLIN)
Local note ABS
650 ## - SUBJECT ADDED ENTRY--TOPICAL TERM
Topical term or geographic name entry element CHURCHES
650 ## - SUBJECT ADDED ENTRY--TOPICAL TERM
Topical term or geographic name entry element LEAD
650 ## - SUBJECT ADDED ENTRY--TOPICAL TERM
Topical term or geographic name entry element BUILT ENVIRONMENT-BUILDING ELEMENTS-COMPLETE BUILDING ELEMENTS-ROOFS
650 ## - SUBJECT ADDED ENTRY--TOPICAL TERM
Topical term or geographic name entry element LEAKS
690 ## - LOCAL SUBJECT ADDED ENTRY--TOPICAL TERM (OCLC, RLIN)
Topical term or geographic name as entry element BUILDING CONSERVATION
942 ## - ADDED ENTRY ELEMENTS (KOHA)
Suppress in OPAC 0
Holdings
Withdrawn status Lost status Source of classification or shelving scheme Damaged status Not for loan Home library Current library Shelving location Date acquired Total Checkouts Full call number Barcode Date last seen Copy number Price effective from Koha item type
    Dewey Decimal Classification     London London Journal article 15/09/2000   ABS62831 108359-1001 06/08/2019 1 06/08/2019 Journal article